| 000 | 00685nam a22002057a 4500 | ||
|---|---|---|---|
| 005 | 20251108172124.0 | ||
| 008 | 250721s2001 xx 000 0 ara d | ||
| 082 | 1 | 4 | _a355.40956402/كوه |
| 100 | 1 |
_aكوهين، أفنر _eمؤلف |
|
| 245 | 1 | 0 |
_aإسرائيل و القنبلة النووية : _bدراسة موثقة / |
| 264 | 1 |
_aعمان : _bدار الجليل للنشر والدراسات، _c2001. |
|
| 300 | _a385ص. | ||
| 650 | 1 | 7 | _aالأسلحة النووية |
| 650 | 1 | 7 | _aالسياسة العسكرية |
| 650 | 1 | 7 | _aإسرائيل |
| 650 | 1 | 7 | _aالإستراتيجية |
| 700 | 1 |
_aعقيلي، بدر _eمترجم |
|
| 942 |
_2ddc _cBK |
||
| 999 |
_c71012 _d71012 |
||